000 01565nam a2200409Ia 4500
001 ebr10532395
003 CaPaEBR
006 m u
007 cr cn|||||||||
008 080116s2008 iluab sb s001 0ceng d
010 _z 2008002174
020 _z0252033523
020 _z9780252033520
020 _z9780252093753
040 _aCaPaEBR
_cCaPaEBR
035 _a(OCoLC)785781242
050 1 4 _aF546.M39
_bH35 2008eb
082 0 4 _a977.3/0410922
_aB
_222
100 1 _aHallwas, John E.
245 1 0 _aDime novel desperadoes
_h[electronic resource] :
_bthe notorious Maxwell brothers /
_cJohn E. Hallwas.
260 _aUrbana :
_bUniversity of Illinois Press,
_c2008.
300 _axiv, 402 p. :
_bill., maps.
504 _aIncludes bibliographical references (p. 367-379) and index.
533 _aElectronic reproduction.
_bPalo Alto, Calif. :
_cebrary,
_d2011.
_nAvailable via World Wide Web.
_nAccess may be limited to ebrary affiliated libraries.
600 3 0 _aMaxwell family.
650 0 _aOutlaws
_zIllinois
_vBiography.
650 0 _aOutlaws
_zWisconsin
_vBiography.
650 0 _aBrothers
_zIllinois
_vBiography.
650 0 _aBrothers
_zWisconsin
_vBiography.
651 0 _aIllinois
_vBiography.
651 0 _aWisconsin
_vBiography.
651 0 _aIllinois
_xHistory
_y19th century.
651 0 _aWisconsin
_xHistory
_y19th century.
655 7 _aElectronic books.
_2local
710 2 _aebrary, Inc.
856 4 0 _uhttp://site.ebrary.com/lib/rucke/Doc?id=10532395
_zAn electronic book accessible through the World Wide Web; click to view
999 _c234950
_d234950